al-Bulghah fī shudhūr al-lughah /

Saved in:

Other Authors: Cheïkho, Louis, 1859-1927., Haffner, Auguste.

Format: Book

Language: Arabic
French

Published: [Bayrūt] : [al-Maṭbaʻah al-Kāthūlīkīyah], 1914.

Subjects:

Tags: Add Tag

No Tags, Be the first to tag this record!

Call Number: PJ6601 .H13 1914

LEADER 01125nam a2200301M 4500
001 10083
003 OSt
005 20231001121730.0
008 130303s1914 le 000 0 ara d
952 |0 0  |1 0  |2 lcc  |4 0  |6 PJ6601 H13 01914  |7 1  |9 50274  |a ARCE  |b ARCE  |d 2023-10-01  |l 0  |o PJ6601 .H13 1914  |p 1029145  |r 2023-10-01 00:00:00  |w 2023-10-01  |y BK 
999 |c 10520  |d 10520 
035 |a ocm23492279 
040 |c ARCE Library 
041 0 |a ara  |a fre 
050 4 |a PJ6601 .H13 1914 
245 0 3 |6 880-02  |a al-Bulghah fī shudhūr al-lughah /  |c nasharahā Ūghust Hafnar, L. Shīkhū. 
264 1 |a [Bayrūt] :  |b [al-Maṭbaʻah al-Kāthūlīkīyah],  |c 1914. 
300 |a 175 pages ;  |c 22 cm. 
500 |a Added title page and preface in French. 
555 |a .alaa-sweed 
650 0 |a Arabic language  |x Style. 
650 0 |a Arabic philology. 
700 1 |a Cheïkho, Louis,  |d 1859-1927. 
700 1 |a Haffner, Auguste.  |9 31328 
852 |a IN  |c 20090707085541.0n  |p 9815 
880 0 2 |6 245-02/(3/r  |a البلغة في شذور اللغة  |c نشرها أوغست هفنر, ل. شيخو.‪‪‪‪‪‪‪‪‪ 
901 |a reviewed 
942 |c BK  |2 lcc